Juegos infantiles al aire libre

Gardado en:
Detalles Bibliográficos
Autor Principal: Larraya, Tomás G (Author)
Formato: Libro
Idioma:Lingua castelá
Publicado: Barcelona Molino 1955
Subjects:
Tags: Engadir etiqueta
Sen Etiquetas, Sexa o primeiro en etiquetar este rexistro!

MARC

LEADER 00000nam a2200000 a 4500
001 UCY9545
003 CL-VaPUC
008 950717e19550000SP |||||||||||||||||spa|d
082 0 4 |a 796.1  |b LAR  |2 21 
100 |a Larraya, Tomás G  |e author  |9 580104 
245 1 0 |a Juegos infantiles al aire libre 
300 |a 107 p 
942 |c BK 
945 |d 19950717 00:00:00  |a cmena 
260 |a Barcelona  |b Molino  |c 1955 
650 7 |a JUEGO  |2 CL-VaPUC  |9 311404 
650 0 |a Actividades de tiempo libre   |9 334349 
650 0 |a Niños  |9 255605 
650 7 |a ESPARCIMIENTO  |2 CL-VaPUC  |9 341850 
650 7 |a DEPORTE  |2 CL-VaPUC  |9 341851 
583 |a last modification  |c 19950717 00:00:00  |k Rodrigo Vera 
999 |c 236623  |d 236621 
952 |0 0  |1 0  |4 0  |6 796_100000000000000_LAR_1955  |7 0  |8 P  |9 244826  |a BIBEDU  |b BIBEDU  |c BIBEDU_PB  |d 2019-11-18  |i 1535323  |o 796.1 LAR 1955  |p 1535323  |r 2024-01-25  |w 2019-11-18  |y BK  |k EDU